000 00577nam a2200193Ia 4500
003 GCL
008 140319s9999 xx 000 0 ara d
040 _aGCL /
_cGCL
082 0 4 _aط
_b811.054
_bأ ل
100 1 _aاشرف عامر
245 1 0 _aاللون والخيال , القصيدة الاولى /
_cاشرف عامر
300 _a14 ص
490 _aسلسلة اشعار ملونة للاطفال
_v0
650 0 4 _aالشعر العربى
650 0 4 _aالشعر الوصفى
650 0 4 _aالاطفال
650 0 4 _aادب الاطفال
942 _2ddc
_cBK
999 _c51344
_d51344